Géographie de la France par lettre - C - Statistiques

Statistiques générales
  • Ce quiz a été pris 35 582 fois
    34 071 depuis la dernière actualisation
  • Le résultat moyen est 11 sur 20
Statistiques - réponses
Question Réponse % Correct
Plus grande île de métropole Corse
93%
Ville la plus peuplée de Basse-Normandie Caen
85%
Ville azuréenne accueillant le festival international du film Cannes
80%
Département le moins peuplé du Limousin Creuse
74%
Département de la ville précédente Calvados
71%
Succession d'anses et de criques entre Marseille et Cassis Calanques
65%
Chef-lieu de la Guyane Cayenne
64%
Ville la plus peuplée d'Auvergne Clermont-Ferrand
64%
Ancienne province, donnant son nom à un célèbre vin effervescent Champagne
61%
Chef-lieu d'un département alsacien Colmar
59%
Département Auvergnat Cantal
55%
Ville donnant son nom au département n°62 Calais
54%
Département de Bourgogne Côte-d'Or
54%
Ville la plus peuplée du département de la Manche. Possédant la plus grand rade d'Europe Cherbourg-en-Cotentin
52%
Région française enclavée Centre-Val-de-Loire
43%
Commune la plus haute de France (altitude maximale sur le territoire de la commune) Chamonix-Mont-Blanc
42%
Fleuve se jetant au nord de Rochefort Charente
38%
Chaîne montagneuse s'étendant principalement sur le Gard et la Lozère Cévennes
29%
Deuxième ville la plus peuplée du Tarn Castres
23%
Deuxième ville de Vaucluse, à proximité du Ventoux Carpentras
19%
Aucun quiz correspondant
Distribution des résultats
% des personnes avec chaque résultat
Percentile par nombre de réponses
Votre historique - résultats
Vous n’avez pas pris ce quiz depuis la dernière actualisation